Cuentos de príncipes y princesas /

El príncipe Lucas, obsesionado por una fugaz visión, recorre el mundo en busca de una hermosa niña. Tres príncipes hermanos viajan a las más lejanas tierras tratando de cumplir las pruebas impuestas por el rey, para elegir a su heredero. Beatriz, la princesa voluntariosa, se ha perdido y su novio Ni...

Descripción completa

Guardado en:
Autor Principal: Anónimo.
Otros Autores: Bustamante, Andrés; il., Allende, Amelia; adap.
Formato: Libro
Idioma:Undetermined
Publicado: Santiago de Chile : Editorial Andrés Bello, 2001.
Edición:1a ed.
Materias:
Etiquetas: Agregar Etiqueta
Sin Etiquetas, Sea el primero en etiquetar este registro!
LEADER 01744nam a22002535a 4500
001 CEM.cems020287
008 230802s2001####xx############000#0#und#d
005 20230802182058.0
245 1 0 |a Cuentos de príncipes y princesas /  |c Selección y adaptación de Amelia Allende; ilustrado por Andrés Bustamante. 
250 |a 1a ed. 
260 |a Santiago de Chile :  |b Editorial Andrés Bello,  |c 2001. 
300 |a 78 p. 
520 |a El príncipe Lucas, obsesionado por una fugaz visión, recorre el mundo en busca de una hermosa niña. Tres príncipes hermanos viajan a las más lejanas tierras tratando de cumplir las pruebas impuestas por el rey, para elegir a su heredero. Beatriz, la princesa voluntariosa, se ha perdido y su novio Nicanor, el príncipe orgulloso, la busca angustiado. Se encontrarán en un jardín embrujado, donde el orgullo y la testarudez les jugarán una muy mala pasada. Agustín juega y sueña en la playa. Junto a él aparece Fogoso, un caballo blanco enviado por la princesa del mar, para conducirla a su deslumbrante reino. Allí recibirá la corona mágica...Cuatro maravillosas historias en las que la magia se confunde con la realidad. 
505 0 |a El Príncipe Lucas y el misterio de las burbujas -- La novia del príncipe errante -- El príncipe orgulloso y la princesa voluntariosa -- La princesa del mar 
500 |a Textos adaptados. Incluye sugerencias de lectura. A partir de 6 años. 
020 |a 9561316919 
100 1 |a Anónimo. 
700 1 |a Bustamante, Andrés; il. 
700 1 |a Allende, Amelia; adap. 
653 |a Cuentos 
653 |a Cuentos infantiles 
653 |a Cuentos tradicionales 
653 |a Literatura infantil 
859 |a CEMS  |b BIB. CEMS - Inicial y Primaria  |h 808.8  |i Al547  |k IP  |p 2876  |t Ej.1